Filosofía del derecho (Record no. 88661)
[ view plain ]
| 000 -LEADER | |
|---|---|
| fixed length control field | 00568nam a22001937a 4500 |
| 005 - DATE AND TIME OF LATEST TRANSACTION | |
| control field | 20230322121042.0 |
| 008 - FIXED-LENGTH DATA ELEMENTS--GENERAL INFORMATION | |
| fixed length control field | 150218b mx ||||| |||| 00| 0 spa d |
| 020 ## - INTERNATIONAL STANDARD BOOK NUMBER | |
| International Standard Book Number | 9685409714 |
| 050 04 - LIBRARY OF CONGRESS CALL NUMBER | |
| Classification number | K230.G66 |
| Item number | F55 2005 |
| 100 1# - MAIN ENTRY--PERSONAL NAME | |
| Personal name | Gómez Gallardo, Perla |
| 245 10 - TITLE STATEMENT | |
| Title | Filosofía del derecho |
| Statement of responsibility, etc | / Perla Gómez Gallardo. |
| 250 ## - EDITION STATEMENT | |
| Edition statement | 1a ed. |
| 260 ## - PUBLICATION, DISTRIBUTION, ETC. (IMPRINT) | |
| Place of publication, distribution, etc | México : |
| Name of publisher, distributor, etc | IURE editores, |
| Date of publication, distribution, etc | 2005 |
| 300 ## - PHYSICAL DESCRIPTION | |
| Extent | xxiii, 270 p. |
| 490 0# - SERIES STATEMENT | |
| Series statement | Colección Textos jurídicos |
| 504 ## - BIBLIOGRAPHY, ETC. NOTE | |
| Bibliography, etc | Bibliografía : p. 257 - 262 |
| 650 #7 - SUBJECT ADDED ENTRY--TOPICAL TERM | |
| Source of heading or term | lemb |
| Topical term or geographic name as entry element | Filosofía del derecho |
| 942 ## - ADDED ENTRY ELEMENTS (KOHA) | |
| Source of classification or shelving scheme | Biblioteca del Cogreso de los Estados Unidos |
| Koha item type | Libro |
| Estado de pérdida | Fuente de clasificación | Estado del daño | No para préstamo | Ubicación permanente | Ubicación actual | Apartado o colección | Fecha de adquisición | Fuente de adquisición | Edición | Dependencia de educación superior (DES) | Área del conocimiento | Clasificación | Código de Barras | Date last seen | Número de copia | Costo por reposición | Tipo de recurso |
|---|---|---|---|---|---|---|---|---|---|---|---|---|---|---|---|---|---|
| Biblioteca del Cogreso de los Estados Unidos | Biblioteca de la Facultad de Derecho y Ciencias Sociales "Felipe J. Tena" | Biblioteca de la Facultad de Derecho y Ciencias Sociales "Felipe J. Tena" | General | 18/02/2015 | Programa Integral de Fortalecimiento Institucional 2010 | 1a ed. | Derecho | Ciencias Sociales y Administrativas | K230.G66 F55 r2008 | BFD000006088 | 18/02/2015 | 1 | 1.00 | Libro | |||
| Biblioteca del Cogreso de los Estados Unidos | Biblioteca del Posgrado en Derecho | Biblioteca del Posgrado en Derecho | Colección Ernesto Villanueva | 22/03/2023 | Donación | 1a ed. | Ciencias Sociales y Administrativas | K230.G66 F55 r2006 | BPD000001866 | 22/03/2023 | 1 | 1.00 | Libro | ||||
| Biblioteca del Cogreso de los Estados Unidos | Biblioteca del Posgrado en Derecho | Biblioteca del Posgrado en Derecho | Colección Ernesto Villanueva | 22/03/2023 | Donación | 1a ed. | Ciencias Sociales y Administrativas | K230.G66 F55 r2006 | BPD000001867 | 22/03/2023 | 2 | 1.00 | Libro |